Poems Of 1840 - 1867 Introd By `q` (Record no. 2165)

MARC details
000 -LEADER
fixed length control field 00418nam a2200145Ia 4500
008 - FIXED-LENGTH DATA ELEMENTS--GENERAL INFORMATION
fixed length control field 211109s9999||||xx |||||||||||||| ||und||
082 ## - DEWEY DECIMAL CLASSIFICATION NUMBER
Classification number 821
Item number ARN-P
100 ## - MAIN ENTRY--PERSONAL NAME
Personal name Arnold, Mathew,
245 #0 - TITLE STATEMENT
Title Poems Of 1840 - 1867 Introd By `q`
260 ## - PUBLICATION, DISTRIBUTION, ETC.
Name of publisher, distributor, etc. Reinhold Publishing
Place of publication, distribution, etc. London
Date of publication, distribution, etc. 1922
300 ## - PHYSICAL DESCRIPTION
Extent 456p.
630 ## - SUBJECT ADDED ENTRY--UNIFORM TITLE
General subdivision General Stack
650 ## - SUBJECT ADDED ENTRY--TOPICAL TERM
Topical term or geographic name entry element English & Old English literatures
942 ## - ADDED ENTRY ELEMENTS (KOHA)
Koha item type BOOK
650 ## - SUBJECT ADDED ENTRY--TOPICAL TERM
Form subdivision English poetry
General subdivision Literature
Holdings
Withdrawn status Lost status Damaged status Not for loan Home library Current library Date acquired Cost, normal purchase price Total Checkouts Full call number Barcode Shelving location Date last seen Price effective from Koha item type
        SB LIBRARY SB LIBRARY 09/11/2021 100.00   821 ARN-P 00002336 GENERAL STACK 09/11/2021 09/11/2021 BOOK

Powered by Koha